000 00574nam a2200193Ia 4500
005 20250508151333.0
008 008 250505s9999 xx 000 0 eng d
037 _aTextual
040 _aFEDL
_beng
_cFEDL
041 _aeng
_2eng
084 _a153.92, BIS
_qFEDL
100 _aBischof L. J.
_9736141
245 0 _aIntelligence statistical conceptions of its nature
260 _aNew York, USA
_bDoubleday and Company
_c1954
300 _avi,33p.
490 _aDoubleday papers in psychology
942 _cTEXL
_h153.92, BIS
999 _c1329136
_d1329136